000 00446nam a22001817a 4500
003 koha_MIRAKIL
005 20231213095410.0
008 231213b |||||||| |||| 00| 0 ||| d
020 _b978-9-75403181-2
040 _aTR-IsEVY
_btur
_cTR-IsEVY
082 _a540 KIN/K
100 _aKINDERSLEY, DORLING.
245 0 _aKİMYANIN ÖYKÜSÜ.
260 _bTÜBİTAK YAYINLARI,
_c2008
300 _a[ ] p.
650 _aKimya.
942 _2ddc
_cBK
999 _c2974
_d2974